000 00850cam a2200301 4500500
005 20260329004708.0
041 _afre
042 _adc
100 1 0 _aPortevin, Catherine
_eauthor
245 0 0 _aVivons-nous à l’ère de la biopolitique ?
260 _c2020.
500 _a69
690 _aBiopolitique
690 _aCovid-19
690 _aÉtat
690 _aFrédéric Worms
690 _aGiorgio Agamben
690 _aHannah Arendt
690 _aMaladie
690 _aMathieu Potte-Bonneville
690 _aMichaël Fœssel
690 _aMichel Foucault
690 _aPouvoir
690 _aVirus
690 _aVivant
786 0 _nPhilosophie magazine | 144 | 11 | 2020-11-01 | p. 24-26 | 1951-1787
856 4 1 _uhttps://shs.cairn.info/magazine-philosophie-magazine-2020-11-page-24?lang=fr&redirect-ssocas=7080
999 _c1836365
_d1836365